| 000 | 00746 a2200265 4500 | ||
|---|---|---|---|
| 001 | 71369 | ||
| 650 |
_924776 _aİklim değişiklikleri |
||
| 650 |
_924774 _aClimatic changes |
||
| 999 |
_c71369 _d19759 |
||
| 003 | TR-AnTOB | ||
| 005 | 20210305121308.0 | ||
| 008 | 080728s2008 tu tur | ||
| 041 | _atur | ||
| 050 | 0 |
_aG155.A1 _bT87 2008 |
|
| 090 | _aG155.A1 T87 2008 | ||
| 110 | 2 |
_aTürkiye Turizm Yatırımcıları Derneği _945839 |
|
| 245 | 0 |
_aTurizm ve iklim değişikliği : _brapor / _cTürkiye Turizm Yatırımcıları Derneği. |
|
| 264 | 1 |
_a[İstanbul]: _bTYD, _c2008. |
|
| 300 |
_a16 s.; _c21 cm. |
||
| 650 | 0 |
_aTourism _92915 |
|
| 650 | 7 |
_aTurizm _2etuturkob _925516 |
|
| 902 | _a0024478,0024479 | ||
| 903 | _aMerkez Kütüphane | ||
| 945 | _aCS | ||
| 942 | _cBK | ||